Stručný průvodce Evropskou unií a jejím právem
Všeobecný prehľad o vývoji a súčasnosti európskej integrácie. Povojnová Európa - vznik Európskych spoločenstiev. Kríza 60 - tych rokov a snahy o prehĺbenie integrácie. Jednotný európsky akt - rok 1986 - prvá významná revízia základných zmlúv. Maastrichtská zmluva o Európskej únii - rok 1992. Dohoda...
Salvato in:
| Autore principale: | |
|---|---|
| Altri autori: | |
| Natura: | Capitolo di libro |
| Lingua: | ceco |
| Soggetti: | |
| Tags: |
Nessun Tag, puoi essere il primo ad aggiungerne!!
|
MARC
| LEADER | 00000naa$a2200000$$$4500 | ||
|---|---|---|---|
| 001 | 0038619 | ||
| 005 | 20230925085604.3 | ||
| 041 | 0 | |a cze | |
| 044 | |a CZ | ||
| 245 | 1 | 0 | |a Stručný průvodce Evropskou unií a jejím právem |c Jitka Kapitánová, Zdeněk Kapitán |
| 520 | |a Všeobecný prehľad o vývoji a súčasnosti európskej integrácie. Povojnová Európa - vznik Európskych spoločenstiev. Kríza 60 - tych rokov a snahy o prehĺbenie integrácie. Jednotný európsky akt - rok 1986 - prvá významná revízia základných zmlúv. Maastrichtská zmluva o Európskej únii - rok 1992. Dohoda o Európskej ekonomickej oblasti (European Economic Area - EEA) a rozšírenie EÚ v roku 1995. | ||
| 610 | 2 | 0 | |a Európska únia |
| 610 | 2 | 0 | |a obdobie povojnové |
| 610 | 2 | 0 | |a právo |
| 610 | 2 | 0 | |a integrácia ekonomická medzinárodná |
| 610 | 2 | 0 | |a Európske spoločenstvá |
| 610 | 2 | 0 | |a zmluvy |
| 610 | 2 | 0 | |a dohody |
| 100 | 1 | |a Kapitánová, Jitka | |
| 700 | 1 | |a Kapitán, Zdeněk | |